Statystyki dla Stolice świata na literę P

Kliknij tutaj aby rozwiązać quiz!

Ogólne statystyki

  • Ten quiz został rozwiązany 4 959 razy
  • Średni wynik to 8 z 18

Statystyki odpowiedzi

PaństwoStolica% Poprawnych
FrancjaParyż
82%
ChinyPekin
74%
CzechyPraga
74%
KosowoPrisztina
65%
CzarnogóraPodgorica
57%
PanamaPanama
55%
Korea PółnocnaPjongjang
49%
Republika Południowej AfrykiPretoria
45%
SurinamParamaribo
39%
HaitiPort-au-Prince
39%
Trynidad i TobagoPort-of-Spain
34%
KambodżaPhnom Penh
33%
Papua-Nowa GwineaPort Moresby
31%
BeninPorto-Novo
28%
MauritiusPort Louis
24%
VanuatuPort Vila
23%
MikronezjaPalikir
22%
Republika Zielonego PrzylądkaPraia
22%

Rozkład punktacji

Percentyl według liczby udzielonych odpowiedzi

Procent ludzi z każdym wynikiem

Twoja historia wyników

Nie rozwiązałeś tego quizu